000 00657nam a2200205 i 4500
001 109145
003 ES-MaACL
005 20251118143435.0
007 t|
008 061121s1904 sp |||| | spa d
100 1 _aMiró, Gabriel.
_981602
245 1 0 _aDel vivir
_b: (apuntes de parajes leprosos) /
_cGabriel Miró.
260 _aAlicante :
_b[s. n.],
_c1904 (
_fImp. de Luis Esplá)
300 _a212 p. ;
_c16 cm.
530 _aDisponible en formato digital.
852 _aES-MaACL
_jG-10363
_cSPP3
856 4 _uhttps://bivaldi.gva.es/es/consulta/registro.do?id=6062
_y(Biblioteca Valenciana Digital)
942 _2udc
999 _c109145
_d109145